<?xml version="1.0" encoding="UTF-8"?>
<record
    xmlns:xsi="http://www.w3.org/2001/XMLSchema-instance"
    xsi:schemaLocation="http://www.loc.gov/MARC21/slim http://www.loc.gov/standards/marcxml/schema/MARC21slim.xsd"
    xmlns="http://www.loc.gov/MARC21/slim">

  <leader>01371nam a22002177a 4500</leader>
  <controlfield tag="003">IT-MiCISF</controlfield>
  <controlfield tag="005">20240509151816.0</controlfield>
  <controlfield tag="008">240509b        |||||||| |||| 00| 0 eng d</controlfield>
  <datafield tag="020" ind1=" " ind2=" ">
    <subfield code="a">9788831555340</subfield>
  </datafield>
  <datafield tag="040" ind1=" " ind2=" ">
    <subfield code="c">IT-MiCISF</subfield>
  </datafield>
  <datafield tag="041" ind1=" " ind2=" ">
    <subfield code="a">it</subfield>
  </datafield>
  <datafield tag="100" ind1=" " ind2=" ">
    <subfield code="a">Bettetini Massimo</subfield>
    <subfield code="9">59034</subfield>
  </datafield>
  <datafield tag="245" ind1=" " ind2=" ">
    <subfield code="a">Grandi insieme.</subfield>
    <subfield code="b">Genitori e figli 0-6 anni</subfield>
  </datafield>
  <datafield tag="260" ind1=" " ind2=" ">
    <subfield code="a">Milano, </subfield>
    <subfield code="b">Paoline, </subfield>
    <subfield code="c">2022</subfield>
  </datafield>
  <datafield tag="300" ind1=" " ind2=" ">
    <subfield code="a">pp. 109</subfield>
  </datafield>
  <datafield tag="500" ind1=" " ind2=" ">
    <subfield code="a">educazione-familiare, educazione-bambini</subfield>
  </datafield>
  <datafield tag="520" ind1=" " ind2=" ">
    <subfield code="a">Nella crescita del bambino, i primi anni di vita sono un periodo importantissimo per il suo sviluppo. L'Autore presenta i temi pi&#xF9; frequenti in questa fascia d'et&#xE0; fornendo chiavi di lettura per l'intervento educativo: gioco, fiabe, rapporto con i nonni, asilo nido, vita affettiva e spirituale, presenza di animali domestici, pericolo di pedofilia, uso di supporti tecnologici, separazione dei genitori... Primo di tre volumi, &#xE8; aggiornato a temi di attualit&#xE0; e risponde a molte delle domande sulla complessit&#xE0; dell'oggi. Alla fine di ogni capitolo del libro tre Domande e risposte che esaminano situazioni concrete della vita quotidiana. Ogni libro si conclude con L'ABC del cuore: una voce per ogni lettera dell'alfabeto per affrontare in famiglia l'affettivit&#xE0; e i suoi aspetti. Sette lettere per ciascun libro.</subfield>
  </datafield>
  <datafield tag="650" ind1=" " ind2=" ">
    <subfield code="a">Educazione</subfield>
  </datafield>
  <datafield tag="654" ind1=" " ind2=" ">
    <subfield code="a">saggio</subfield>
  </datafield>
  <datafield tag="942" ind1=" " ind2=" ">
    <subfield code="2">ddc</subfield>
    <subfield code="c">BK</subfield>
  </datafield>
  <datafield tag="999" ind1=" " ind2=" ">
    <subfield code="c">360080</subfield>
    <subfield code="d">360082</subfield>
  </datafield>
  <datafield tag="952" ind1=" " ind2=" ">
    <subfield code="0">0</subfield>
    <subfield code="1">0</subfield>
    <subfield code="2">ddc</subfield>
    <subfield code="4">0</subfield>
    <subfield code="6">A_2461_000000000000000</subfield>
    <subfield code="7">1</subfield>
    <subfield code="a">CISF</subfield>
    <subfield code="b">CISF</subfield>
    <subfield code="d">2024-05-09</subfield>
    <subfield code="l">0</subfield>
    <subfield code="o">A2461</subfield>
    <subfield code="p">9788831555340</subfield>
    <subfield code="r">2024-05-09 15:18:35</subfield>
    <subfield code="w">2024-05-09</subfield>
    <subfield code="y">BK</subfield>
  </datafield>
</record>
